000 01126nam0a22002771 4500
001 rc\3393386
005 20130115154442.5
021 _aRU
_b[72-38818ж]
035 _a(NLR Aleph) 007539522
090 _a9750031
_c9750031
100 _a20130115d1972 |||y0rusy50 ca
101 0 _arus
102 _aRU
105 _aa z |||||
200 1 _aАритмии сердца
_e[Сборник статей]
_fПод ред. проф. Т.Р. Петровой
210 _aКраснодар
_cБ. и.
_d1972
215 _a186 с., 2 л. табл.
_cил.
_d23
225 1 _aМинистерство здравоохранения РСФСР. Кубанский государственный медицинский институт имени Красной Армии. Научные труды
_vТ. 35
320 _aСписки лит. в конце статей
606 _aАритмии сердца
_jСборники
_2psbo
702 1 _aПетрова
_bТ. Р.
_gТереза Ричардовна
_4340
801 0 _aRU
_bNLR
_gpsbo
801 1 _aRU
_bELAR
_2rusmarc
852 _aNLR
_jП16/675
942 _cBOOK
980 _aNB